000 00665nam a2200229Ia 4500
003 OSt
005 20220926033937.0
006 a|||||r|||| 00| 0
007 ta
008 220923b |||||||| |||| 00| 0 eng d
037 _cGeneral Book
040 _aRTL
_cRTL
_beng
041 _2eng
_aeng
082 _aB331, K9/SC
100 _aBIRKHOFF Garrett
_9154504
245 0 _aOrdinary differential equations.
260 _aWaltham
_bBlaisdell Publishing Company
_c1969
300 _axi,366p.
_ccm.
700 _a ROTA Gian- Carlo
_9318683
942 _hB331, K9/SC
_cGB
_2CC
999 _c658394
_d658394